[Event "World Cities Team GpC"]
[Site "Al-Ain UAE"]
[Date "2012.12.23"]
[Round "2.7"]
[White "Halkias, Stelios"]
[Black "Fedorchuk, Sergey A."]
[Result "1-0"]
[WhiteTitle "GM"]
[BlackTitle "GM"]
[WhiteElo "2561"]
[BlackElo "2661"]
[WhiteTeam "Athens"]
[BlackTeam "Lviv"]
[WhiteFideId "4201809"]
[BlackFideId "14102536"]
[EventDate "2012.12.22"]

1. Nf3 Nf6 2. c4 b6 3. Nc3 Bb7 4. d4 e6 5. Bg5 h6 6. Bh4 Be7 7. Qc2 d5 8. Bxf6
Bxf6 9. cxd5 exd5 10. e3 O-O 11. O-O-O a5 12. h4 Bc8 13. Be2 Na6 14. a3 c5 15.
g4 g6 16. Ne5 cxd4 17. exd4 Nc7 18. f4 b5 19. f5 b4 20. Na4 g5 21. hxg5 Bxg5+
22. Kb1 bxa3 23. Qc6 f6 24. Nc5 Rb8 25. b3 a4 26. Nf3 Qe8 27. Qxe8 Rxe8 28. Nxg5
Rxe2 29. Rxh6 fxg5 30. Rdh1 Ne8 31. Rg6+ Kf8 32. Rh8+ Ke7 33. Rgg8 a2+ 34. Ka1
Kd8 35. Ne6+ Rxe6 36. fxe6 axb3 37. Rxe8+ Kc7 38. Kb2 Ra8 39. Rh1 Kd6 40. Rc1
a1=Q+ 41. Rxa1 Rxa1 42. Kxa1 Bxe6 43. Rxe6+ Kxe6 44. Kb2 Kd6 45. Kxb3 Kc7 46.
Ka4 Kc6 47. Ka5 1-0

[Event "World Cities Team GpC"]
[Site "Al-Ain UAE"]
[Date "2012.12.23"]
[Round "2.8"]
[White "Kravtsiv, Martyn"]
[Black "Tzermiadianos, Andreas"]
[Result "0-1"]
[WhiteTitle "GM"]
[BlackTitle "IM"]
[WhiteElo "2593"]
[BlackElo "2434"]
[WhiteTeam "Lviv"]
[BlackTeam "Athens"]
[WhiteFideId "14113147"]
[BlackFideId "4200853"]
[EventDate "2012.12.22"]

1. e4 d5 2. exd5 Qxd5 3. Nc3 Qa5 4. d4 Nf6 5. Nf3 Bf5 6. Bc4 e6 7. Bd2 Bb4 8. a3
Bxc3 9. Bxc3 Qb6 10. O-O Nc6 11. Re1 O-O-O 12. Qc1 Nd5 13. Bxd5 Rxd5 14. h3 h6
15. b3 g5 16. Bb2 g4 17. hxg4 Bxg4 18. Qf4 Bxf3 19. Qxf3 Rf5 20. Qe3 Rg8 21.
Rad1 Rfg5 22. g3 Ne7 23. Rd3 h5 24. Kf1 Nf5 25. Qf3 Nxg3+ 26. fxg3 Rf5 27. Qxf5
exf5 28. Re2 f4 29. gxf4 Qg6 30. Ke1 Qg1+ 31. Kd2 Rg2 32. Re3 Rxe2+ 33. Kxe2 h4 0-1

[Event "World Cities Team GpD"]
[Site "Al-Ain UAE"]
[Date "2012.12.23"]
[Round "2.1"]
[White "Esen, Baris"]
[Black "Lupulescu, Constantin"]
[Result "1-0"]
[WhiteTitle "GM"]
[BlackTitle "GM"]
[WhiteElo "2576"]
[BlackElo "2618"]
[WhiteTeam "Istanbul"]
[BlackTeam "Timisoara"]
[WhiteFideId "6302114"]
[BlackFideId "1207822"]
[EventDate "2012.12.22"]

1. d4 Nf6 2. Nf3 e6 3. c4 c5 4. d5 d6 5. Nc3 exd5 6. cxd5 g6 7. e4 Bg7 8. h3 O-O
9. Bd3 Re8 10. O-O a6 11. a4 Nh5 12. Bg5 Bf6 13. Bd2 Nd7 14. Rb1 Ne5 15. Nxe5
Bxe5 16. f4 Bd4+ 17. Kh2 Ng7 18. g4 f5 19. exf5 gxf5 20. g5 Be3 21. Be1 Bd7 22.
b4 Qc7 23. Ne2 b5 24. Ng3 cxb4 25. h4 Qc5 26. Bxb4 Qxd5 27. Bc3 Rac8 28. Bxg7
Kxg7 29. Bxf5 Qa2+ 30. Kh3 Qf7 31. Qg4 Be6 32. Bxe6 Rxe6 33. axb5 axb5 34. Nf5+
Kf8 35. Nxd6 h5 36. gxh6 1-0

[Event "World Cities Team GpD"]
[Site "Al-Ain UAE"]
[Date "2012.12.23"]
[Round "2.2"]
[White "Parligras, Mircea-Emilian"]
[Black "Can, Emre"]
[Result "1/2-1/2"]
[WhiteTitle "GM"]
[BlackTitle "GM"]
[WhiteElo "2628"]
[BlackElo "2448"]
[WhiteTeam "Timisoara"]
[BlackTeam "Istanbul"]
[WhiteFideId "1204297"]
[BlackFideId "6302181"]
[EventDate "2012.12.22"]

1. d4 Nf6 2. c4 g6 3. Nc3 Bg7 4. e4 d6 5. f3 O-O 6. Be3 c5 7. Nge2 Nc6 8. d5 Ne5
9. Ng3 e6 10. Be2 exd5 11. cxd5 a6 12. a4 Bd7 13. O-O b5 14. h3 Nc4 15. Bxc4
bxc4 16. Qe2 Rb8 17. Qxc4 Rxb2 18. Rab1 Rxb1 19. Rxb1 Bc8 20. Bg5 Re8 21. Nf1
Qa5 22. Bd2 Nd7 23. Qb3 Qd8 24. Nd1 Ne5 25. Nf2 f5 26. f4 Nf7 27. Re1 Bd7 28.
Qc4 Qb6 29. exf5 Rxe1 30. Bxe1 Bxf5 31. Bc3 Bxc3 32. Qxc3 Qb4 33. Qxb4 cxb4 34.
Ne3 Nd8 35. Nxf5 gxf5 36. Nd3 a5 37. Kf2 Nb7 38. Ke3 h5 39. Kd4 Kf7 40. Kc4 Ke7
41. Kb5 Nc5 42. Nb2 Nb3 43. g3 Kd7 44. Nc4 Kc7 45. h4 Kd7 46. Ne3 Nd2 47. Nd1 b3
48. Nb2 Ne4 49. Kxa5 Nxg3 50. Kb4 Ne2 51. Kxb3 Nxf4 52. Kc4 Ng2 53. Nd3 f4 54.
Kd4 f3 55. Ke4 Nxh4 56. Kf4 Kc7 57. a5 Kb7 58. Kg3 Ng6 59. Kxf3 Ka6 60. Nf2 Kxa5
61. Ne4 Ne7 62. Nxd6 Nxd5 1/2-1/2

[Event "World Cities Team GpD"]
[Site "Al-Ain UAE"]
[Date "2012.12.23"]
[Round "2.3"]
[White "Sanal, Vahap"]
[Black "Marin, Mihail"]
[Result "1-0"]
[WhiteTitle "FM"]
[BlackTitle "GM"]
[WhiteElo "2382"]
[BlackElo "2564"]
[WhiteTeam "Istanbul"]
[BlackTeam "Timisoara"]
[WhiteFideId "6300545"]
[BlackFideId "1200020"]
[EventDate "2012.12.22"]

1. e4 e6 2. d4 d5 3. Nd2 c5 4. exd5 exd5 5. Ngf3 Nc6 6. dxc5 Bxc5 7. Nb3 Bb6 8.
Bb5 Nf6 9. O-O O-O 10. Bg5 Bg4 11. Bh4 Re8 12. c3 Re4 13. Nbd2 Re6 14. Qa4 Bxf3
15. Nxf3 Re4 16. Qd1 Ne5 17. Bg3 Nc4 18. b3 Nd6 19. Bd3 Re8 20. Bh4 h6 21. Rc1
Rc8 22. Nd4 Nde4 23. Nf5 Re5 24. Bxe4 Rxe4 25. Qf3 Rc6 26. Qg3 g6 27. Nxh6+ Kf8
28. Bg5 Qd7 29. c4 dxc4 30. Qf3 Ree6 31. Rcd1 Qe8 32. bxc4 Kg7 33. Qc3 Kh7 34.
Bxf6 Rxf6 35. Ng4 Rfe6 36. Rd3 Kg8 37. Nh6+ Kf8 38. Qh8+ 1-0

[Event "World Cities Team GpD"]
[Site "Al-Ain UAE"]
[Date "2012.12.23"]
[Round "2.5"]
[White "Safarli, Eltaj"]
[Black "Kazhgaleyev, Murtas"]
[Result "1/2-1/2"]
[WhiteTitle "GM"]
[BlackTitle "GM"]
[WhiteElo "2626"]
[BlackElo "2596"]
[WhiteTeam "Baku"]
[BlackTeam "Astana"]
[WhiteFideId "13402129"]
[BlackFideId "13700316"]
[EventDate "2012.12.22"]

1. e4 e6 2. d4 d5 3. Nc3 Bb4 4. e5 c5 5. a3 Ba5 6. b4 cxd4 7. Nb5 Bc7 8. f4 Bd7
9. Nf3 Bxb5 10. Bxb5+ Nc6 11. Nxd4 Ne7 12. O-O O-O 13. Nxc6 bxc6 14. Bd3 a5 15.
Rb1 axb4 16. axb4 f6 17. exf6 Rxf6 18. Bb2 Rxf4 19. Rxf4 Bxf4 20. Qg4 e5 21.
Bxe5 Bxe5 22. Qe6+ Kh8 23. Qxe5 Ng8 24. Qd4 Nf6 25. Re1 Qd7 26. h3 Re8 27. Rxe8+
Qxe8 28. Qf4 Kg8 29. Kf2 Qe7 30. Qb8+ Kf7 31. Qf4 Kg8 32. Qb8+ Kf7 33. Qf4 1/2-1/2

[Event "World Cities Team GpD"]
[Site "Al-Ain UAE"]
[Date "2012.12.23"]
[Round "2.6"]
[White "Jumabayev, Rinat"]
[Black "Mamedov, Rauf"]
[Result "1/2-1/2"]
[WhiteTitle "GM"]
[BlackTitle "GM"]
[WhiteElo "2567"]
[BlackElo "2647"]
[WhiteTeam "Astana"]
[BlackTeam "Baku"]
[WhiteFideId "13702661"]
[BlackFideId "13401653"]
[EventDate "2012.12.22"]

1. d4 Nf6 2. c4 g6 3. Nc3 Bg7 4. e4 d6 5. f3 O-O 6. Be3 c5 7. Nge2 Nc6 8. d5 Ne5
9. Ng3 h5 10. Be2 e6 11. O-O exd5 12. cxd5 a6 13. a4 Bd7 14. h3 h4 15. Nh1 b5
16. Nf2 Nh5 17. f4 Nc4 18. Bxc4 bxc4 19. f5 Ng3 20. Ng4 gxf5 21. exf5 Bxf5 22.
Nh6+ Bxh6 23. Bxh6 Nxf1 24. Qxf1 Qf6 25. Bxf8 Rxf8 26. Qxc4 Rb8 27. Rf1 Qg5 28.
Rf2 Rxb2 29. Rxb2 Qc1+ 30. Qf1 Qxb2 31. Qxf5 Qxc3 32. Qg5+ Kf8 1/2-1/2

[Event "World Cities Team GpD"]
[Site "Al-Ain UAE"]
[Date "2012.12.23"]
[Round "2.7"]
[White "Mamedov, Nidjat"]
[Black "Kotsur, Pavel"]
[Result "1/2-1/2"]
[WhiteTitle "GM"]
[BlackTitle "GM"]
[WhiteElo "2602"]
[BlackElo "2550"]
[WhiteTeam "Baku"]
[BlackTeam "Astana"]
[WhiteFideId "13400819"]
[BlackFideId "13700278"]
[EventDate "2012.12.22"]

1. e4 e5 2. Nf3 Nc6 3. Bb5 Nf6 4. Nc3 Bb4 5. O-O O-O 6. d3 d6 7. Bg5 Bxc3 8.
bxc3 Ne7 9. Bc4 Ng6 10. Nh4 Nf4 11. Bb3 a5 12. a3 a4 13. Ba2 Be6 14. Bxf4 exf4
15. Nf3 Bg4 16. Rb1 b6 17. h3 Bh5 18. Rb5 c5 19. Qd2 Bxf3 20. gxf3 Nh5 21. Kh2
Kh8 22. Rfb1 Rb8 23. d4 Qc7 24. Qd3 h6 25. Qc4 Nf6 26. e5 dxe5 27. dxc5 bxc5 28.
Rxb8 Rxb8 29. Qxf7 Qxf7 30. Rxb8+ Qe8 1/2-1/2

[Event "World Cities Team GpD"]
[Site "Al-Ain UAE"]
[Date "2012.12.23"]
[Round "2.8"]
[White "Ismagambetov, Anuar"]
[Black "Durarbayli, Vasif"]
[Result "1/2-1/2"]
[WhiteTitle "GM"]
[BlackTitle "GM"]
[WhiteElo "2463"]
[BlackElo "2587"]
[WhiteTeam "Astana"]
[BlackTeam "Baku"]
[WhiteFideId "13701525"]
[BlackFideId "13402935"]
[EventDate "2012.12.22"]

1. e4 Nf6 2. e5 Nd5 3. d4 d6 4. Nf3 g6 5. Be2 Bg7 6. O-O O-O 7. c4 Nb6 8. Nc3
Nc6 9. exd6 cxd6 10. Be3 Bg4 11. b3 d5 12. c5 Nc8 13. Qd2 e6 14. Ne1 Bxe2 15.
Nxe2 N8e7 16. b4 a6 17. Nc2 Nf5 18. Rab1 h6 19. Rfd1 Qh4 20. a4 Rfe8 21. Bf4 Qh5
22. Ng3 Nxg3 23. Bxg3 Qf5 24. h3 Qf6 25. b5 axb5 26. axb5 Na5 27. Ne3 Qd8 28.
Qb4 Bf8 29. Qc3 b6 30. cxb6 Qxb6 31. Ng4 Rec8 32. Qf3 Qb7 33. Bf4 Kh7 34. b6 Nc4
35. Bc7 Rxc7 36. bxc7 Qxc7 37. Ne5 Nxe5 38. dxe5 Bg7 39. Rdc1 Qe7 40. Qf4 h5 41.
Rc3 Rd8 42. Rf3 Kg8 43. Rfb3 Rd7 44. Qd4 Rc7 45. Rc3 1/2-1/2

[Event "World Cities Team GpE"]
[Site "Al-Ain UAE"]
[Date "2012.12.23"]
[Round "2.3"]
[White "Wanyama, Harold"]
[Black "Edouard, Romain"]
[Result "0-1"]
[WhiteTitle "FM"]
[BlackTitle "GM"]
[WhiteElo "2252"]
[BlackElo "2686"]
[WhiteTeam "Kampala"]
[BlackTeam "Paris"]
[WhiteFideId "10000380"]
[BlackFideId "633429"]
[EventDate "2012.12.22"]

1. d4 Nf6 2. Nf3 d5 3. c4 e6 4. Nc3 c5 5. cxd5 Nxd5 6. e4 Nxc3 7. bxc3 cxd4 8.
cxd4 Bb4+ 9. Bd2 Bxd2+ 10. Qxd2 O-O 11. Bd3 Nc6 12. e5 Ne7 13. O-O b6 14. Qf4
Bb7 15. Ng5 h6 16. Nh3 Qd5 17. Qg4 Nf5 18. Rfe1 Rad8 19. Nf4 Qxd4 20. Bxf5 exf5
21. Qxf5 Bc8 22. Qe4 Qxe4 23. Rxe4 Rd2 24. h3 Rfd8 25. a4 Bb7 26. Ree1 R8d4 27.
Nh5 Rh4 28. Ng3 Rb4 29. Red1 Rxd1+ 30. Rxd1 Bc6 31. Rc1 Bxa4 32. Rc8+ Kh7 33.
Rc7 a5 34. Rxf7 Be8 35. Ra7 Bg6 36. e6 h5 37. e7 Rb1+ 38. Kh2 Re1 39. h4 Kg8 40.
f4 Be8 41. Nf5 Re6 42. Kg3 Kf7 43. Rb7 b5 44. Rb8 b4 45. Kf3 g6 46. Nd4 Rxe7 47.
f5 gxf5 48. Nxf5 Bc6+ 49. Kf4 Re4+ 50. Kg5 Re5 51. Kf4 Rd5 52. g4 Bd7 53. Ke4
Rc5 54. Kd4 Rc1 55. Nh6+ Ke7 56. g5 a4 57. Ng8+ Kf7 58. Nh6+ Kg7 59. Rxb4 a3 60.
Rb7 Rd1+ 61. Ke5 a2 62. Nf5+ Kf8 63. Rb8+ Be8 0-1

[Event "World Cities Team GpE"]
[Site "Al-Ain UAE"]
[Date "2012.12.23"]
[Round "2.4"]
[White "Hamdouchi, Hicham"]
[Black "Bibasa, Bob"]
[Result "1-0"]
[WhiteTitle "GM"]
[BlackTitle "CM"]
[WhiteElo "2610"]
[BlackElo "2218"]
[WhiteTeam "Paris"]
[BlackTeam "Kampala"]
[WhiteFideId "9000011"]
[BlackFideId "10000240"]
[EventDate "2012.12.22"]

1. e4 g6 2. d4 Bg7 3. Nc3 c6 4. Nf3 d5 5. h3 Nf6 6. e5 Nfd7 7. Bd3 Nf8 8. Ne2
Ne6 9. Nf4 O-O 10. O-O b6 11. Nxe6 Bxe6 12. Re1 c5 13. c3 c4 14. Bc2 Nc6 15. Ng5
Qd7 16. Nxe6 Qxe6 17. f4 f5 18. exf6 Qxf6 19. Qg4 Nd8 20. Bd2 e6 21. h4 a6 22.
Re2 Ra7 23. Rae1 Qf7 24. g3 Kh8 25. Rh2 Rg8 26. Kg2 Bf6 27. h5 gxh5 28. Qxh5
Qxh5 29. Rxh5 Rag7 30. Kf2 Rf8 31. Kf3 Kg8 32. g4 b5 33. Kg3 b4 34. f5 exf5 35.
Bxf5 bxc3 36. bxc3 Rb7 37. Bh6 Bg7 38. Bc1 Rxf5 1-0

[Event "World Cities Team GpE"]
[Site "Al-Ain UAE"]
[Date "2012.12.23"]
[Round "2.7"]
[White "Hungaski, Robert Andrew"]
[Black "Golizadeh, Asghar"]
[Result "1-0"]
[WhiteTitle "IM"]
[BlackTitle "GM"]
[WhiteElo "2469"]
[BlackElo "2476"]
[WhiteTeam "Chicago"]
[BlackTeam "Tehran"]
[WhiteFideId "2021030"]
[BlackFideId "12505269"]
[EventDate "2012.12.22"]

1. Nf3 c5 2. c4 Nc6 3. Nc3 Nf6 4. g3 g6 5. Bg2 Bg7 6. d4 cxd4 7. Nxd4 Nxd4 8.
Qxd4 d6 9. O-O O-O 10. Qd3 a6 11. Bd2 Bf5 12. e4 Be6 13. b3 Nd7 14. Rac1 Nc5 15.
Qe3 b5 16. Nd5 bxc4 17. b4 Na4 18. Rxc4 Bd7 19. Rfc1 e6 20. Nc7 Rc8 21. Bf1 Qf6
22. R4c2 a5 23. b5 Qe5 24. Bxa5 Nc5 25. Bc3 Qxe4 26. Qxe4 Nxe4 27. Bxg7 Kxg7 28.
a4 Nc5 29. Rxc5 dxc5 30. Rxc5 Rfd8 31. a5 Bxb5 32. Bxb5 Rd5 33. Ne8+ Rxe8 34.
Rxd5 Ra8 35. Bc6 1-0

[Event "World Cities Team GpF"]
[Site "Al-Ain UAE"]
[Date "2012.12.23"]
[Round "2.2"]
[White "Ezat, Mohamed"]
[Black "Ji, Dan"]
[Result "1-0"]
[WhiteTitle "IM"]
[WhiteElo "2450"]
[BlackElo "2341"]
[WhiteTeam "Cairo"]
[BlackTeam "Wu Xi"]
[WhiteFideId "10600906"]
[BlackFideId "8601887"]
[EventDate "2012.12.22"]

1. d4 d5 2. Nf3 Nf6 3. e3 c6 4. c4 Bf5 5. Nc3 e6 6. Nh4 Bg6 7. Nxg6 hxg6 8. Bd2
dxc4 9. Bxc4 Nbd7 10. Rc1 Nb6 11. Be2 Bd6 12. Qc2 e5 13. dxe5 Bxe5 14. a4 Nbd5
15. Nxd5 Nxd5 16. a5 a6 17. Qb3 Qe7 18. Rc4 O-O-O 19. g3 Nf6 20. Bf3 Qe6 21. Ke2
Qf5 22. Qc2 Qxc2 23. Rxc2 Kb8 24. h4 Rhe8 25. g4 Nd5 26. h5 gxh5 27. Rxh5 Nf6
28. Rh1 Nd5 29. Rh7 Nc7 30. Rh5 Bf6 31. Bg2 Ne6 32. Kf1 Rd7 33. Bf3 Ng5 34. Be2
Ne4 35. Be1 g6 36. Rh7 Ng5 37. Rh2 Ne6 38. Rh7 Ng5 39. Rh2 Ne6 40. Rh7 Ng5 41.
Rh1 Ne6 42. Bc4 Nc7 43. Kg2 Nd5 44. Kf3 Be5 45. Rd2 Red8 46. Rh7 f5 47. Rxd7
Rxd7 48. gxf5 gxf5 49. Rd1 Kc7 50. b3 Nc3 51. Rc1 Ne4 52. Ke2 Rh7 53. Be6 Rh2
54. Rd1 f4 55. Rd7+ Kb8 56. exf4 Bxf4 57. Rd4 Nc5 58. Bg4 Be5 59. Rd8+ Kc7 60.
Rc8+ Kd6 61. Rd8+ Kc7 62. Re8 Bf6 63. Bd2 1-0

[Event "World Cities Team GpF"]
[Site "Al-Ain UAE"]
[Date "2012.12.23"]
[Round "2.3"]
[White "Li, Wenliang"]
[Black "Labib, Ibrahim Hasan"]
[Result "0-1"]
[WhiteTitle "IM"]
[BlackTitle "IM"]
[WhiteElo "2424"]
[BlackElo "2432"]
[WhiteTeam "Wu Xi"]
[BlackTeam "Cairo"]
[WhiteFideId "8600490"]
[BlackFideId "10600426"]
[EventDate "2012.12.22"]

1. d4 Nf6 2. c4 e6 3. g3 Bb4+ 4. Bd2 a5 5. Bg2 d6 6. e3 O-O 7. Ne2 d5 8. Qc2 b6
9. O-O Ba6 10. b3 Nbd7 11. Rd1 Rc8 12. Bxb4 axb4 13. a3 bxa3 14. Rxa3 Bb7 15.
Nbc3 c5 16. Ra7 Ba8 17. Rda1 Bc6 18. cxd5 Nxd5 19. Nxd5 Bxd5 20. Bxd5 exd5 21.
dxc5 bxc5 22. e4 Ne5 23. Kg2 c4 24. Nf4 dxe4 25. Qxe4 Nc6 26. R7a3 Qd4 27. Qf3
c3 28. Ra4 Qd2 29. Rc4 Ne5 30. Rxc8 Nxf3 31. Raa8 g5 32. Rxf8+ Kg7 33. Nh5+ Kh6
34. Kxf3 Qd5+ 35. Kg4 Qd1+ 36. Kf5 Qd5+ 37. Kg4 Qe6+ 38. Kf3 c2 39. Rfc8 Qd5+
40. Ke3 Qxa8 0-1

[Event "World Cities Team GpF"]
[Site "Al-Ain UAE"]
[Date "2012.12.23"]
[Round "2.6"]
[White "Sokolov, Ivan"]
[Black "Perunovic, Milos"]
[Result "1-0"]
[WhiteTitle "GM"]
[BlackTitle "GM"]
[WhiteElo "2667"]
[BlackElo "2614"]
[WhiteTeam "Hoogeveen"]
[BlackTeam "Novi Sad"]
[WhiteFideId "14400030"]
[BlackFideId "921629"]
[EventDate "2012.12.22"]

1. d4 d5 2. c4 c6 3. Nc3 Nf6 4. cxd5 cxd5 5. Bf4 Nc6 6. e3 a6 7. Bd3 Bg4 8. Nge2
Bxe2 9. Bxe2 e6 10. Rc1 Bd6 11. Bg5 O-O 12. O-O Be7 13. Na4 Nd7 14. Bxe7 Qxe7
15. a3 f5 16. Qd2 Rac8 17. Rc3 Nf6 18. f3 e5 19. Rfc1 f4 20. dxe5 fxe3 21. Rxe3
d4 22. Bc4+ Kh8 23. Ree1 Nxe5 24. Qxd4 Nfd7 25. Bd5 Rxc1 26. Rxc1 Nf6 27. Bxb7
Nh5 28. Qc5 Qf6 29. Qxf8+ Qxf8 30. Rc8 1-0

[Event "World Cities Team GpF"]
[Site "Al-Ain UAE"]
[Date "2012.12.23"]
[Round "2.7"]
[White "Sedlak, Nikola"]
[Black "Tiviakov, Sergei"]
[Result "1/2-1/2"]
[WhiteTitle "GM"]
[BlackTitle "GM"]
[WhiteElo "2572"]
[BlackElo "2663"]
[WhiteTeam "Novi Sad"]
[BlackTeam "Hoogeveen"]
[WhiteFideId "922900"]
[BlackFideId "1008013"]
[EventDate "2012.12.22"]

1. d4 Nf6 2. c4 e6 3. Nc3 Bb4 4. g3 O-O 5. Bg2 d5 6. a3 Be7 7. cxd5 exd5 8. Nf3
c6 9. Qc2 a5 10. O-O Be6 11. Bf4 Nbd7 12. Rad1 Re8 13. Ne5 Nb6 14. h3 Nfd7 15.
g4 Nf8 16. Bg3 f6 17. Nd3 Bf7 18. Nc5 Qc8 19. Rfe1 Nfd7 20. Nd3 Nf8 21. Nc5 Nfd7
22. Nd3 1/2-1/2

[Event "World Cities Team GpA"]
[Site "Al-Ain UAE"]
[Date "2012.12.24"]
[Round "3.1"]
[White "Grandelius, Nils"]
[Black "Murshed, Niaz"]
[Result "0-1"]
[WhiteTitle "GM"]
[BlackTitle "GM"]
[WhiteElo "2583"]
[BlackElo "2464"]
[WhiteTeam "Lund-Linkoping"]
[BlackTeam "Dhaka"]
[WhiteFideId "1710400"]
[BlackFideId "10200010"]
[EventDate "2012.12.22"]

1. e4 e6 2. d4 d5 3. Nc3 Nf6 4. Bg5 Bb4 5. e5 h6 6. Be3 Ne4 7. Qg4 g6 8. a3 Ba5
9. Ne2 h5 10. Qf3 c5 11. dxc5 Nc6 12. b4 Nxc3 13. Nxc3 Bc7 14. Nb5 Bxe5 15. Nd6+
Bxd6 16. cxd6 d4 17. Bd2 Qxd6 18. b5 Qe5+ 19. Qe2 Qxe2+ 20. Bxe2 Ne5 21. O-O-O
Bd7 22. Bf4 d3 23. Bxe5 dxe2 24. Rd4 f6 25. Bxf6 Rf8 26. Bh4 Bxb5 27. Kd2 Rc8
28. Rb1 Ba6 29. f4 Rf5 30. Rbb4 Rfc5 31. c4 Rxc4 32. Rdxc4 Rxc4 33. Rxc4 Bxc4
34. Kc3 Bb5 35. Kd4 Kd7 36. Be1 b6 37. Ke5 Bc6 38. g3 a5 39. Bd2 Bd5 40. Be1 Bb3
41. h3 Kc6 42. Kf6 Bc2 43. Kxe6 Kb5 44. g4 hxg4 45. hxg4 Ka4 46. Kd5 Kxa3 47.
Kd4 Kb2 48. Ke3 a4 49. Kxe2 a3 50. Ke3 b5 51. Kd4 Kb3 52. Bd2 b4 53. Kc5 a2 0-1

[Event "World Cities Team GpA"]
[Site "Al-Ain UAE"]
[Date "2012.12.24"]
[Round "3.2"]
[White "Rahman, Ziaur"]
[Black "Tikkanen, Hans"]
[Result "1/2-1/2"]
[WhiteTitle "GM"]
[BlackTitle "GM"]
[WhiteElo "2518"]
[BlackElo "2575"]
[WhiteTeam "Dhaka"]
[BlackTeam "Lund-Linkoping"]
[WhiteFideId "10200037"]
[BlackFideId "1706446"]
[EventDate "2012.12.22"]

1. c4 e5 2. g3 Nf6 3. Bg2 d5 4. cxd5 Nxd5 5. Nc3 Be6 6. Nf3 Nc6 7. O-O Nb6 8. d3
Be7 9. Be3 O-O 10. Na4 f6 11. Nc5 Bxc5 12. Bxc5 Rf7 13. Nd2 Qc8 14. Bxc6 bxc6
15. Qc2 a5 16. Rfc1 Nd7 17. Ba3 Ra6 18. Ne4 Bd5 19. Nc3 Be6 20. Na4 f5 21. Nc5
Nxc5 22. Qxc5 Bd5 23. e4 fxe4 24. dxe4 Bxe4 25. Re1 Bf3 26. Rxe5 Ra8 27. Rae1 h6
28. Qc4 Qh3 29. Qf1 Qxf1+ 30. Kxf1 Kh7 31. h3 Bd5 32. Rc1 Rb8 33. f4 Rb5 34. Kg1
Rd7 35. b3 a4 36. bxa4 Ra5 37. Bb4 Rxa4 38. a3 Ra8 39. Kf2 Rad8 40. h4 Rf7 41.
Rce1 Bb3 42. R1e3 Bd1 43. Re7 Rd7 44. Rxf7 Rxf7 45. Ke1 Ba4 46. Re5 Rd7 47. Ra5
Bb3 48. Kf2 Rd3 49. Ra7 Bd5 50. Rxc7 Rf3+ 51. Ke1 Rxg3 52. a4 Re3+ 53. Kd2 Re4
54. Bc3 Kg6 55. Rxg7+ Kh5 56. a5 Rxf4 57. a6 Kxh4 58. a7 1/2-1/2

[Event "World Cities Team GpA"]
[Site "Al-Ain UAE"]
[Date "2012.12.24"]
[Round "3.3"]
[White "Carlsson, Pontus"]
[Black "Minhazuddin, Ahmed"]
[Result "1/2-1/2"]
[WhiteTitle "GM"]
[BlackTitle "IM"]
[WhiteElo "2518"]
[BlackElo "2401"]
[WhiteTeam "Lund-Linkoping"]
[BlackTeam "Dhaka"]
[WhiteFideId "1705814"]
[BlackFideId "10201955"]
[EventDate "2012.12.22"]

1. e4 e5 2. Nf3 Nf6 3. d4 Nxe4 4. Bd3 Nc6 5. Bxe4 d5 6. Bg5 Qd6 7. dxe5 Qb4+ 8.
Nc3 dxe4 9. a3 Qa5 10. Nd4 Nxe5 11. O-O Bg4 12. Qe1 f6 13. Qxe4 O-O-O 14. Bf4 h5
15. h3 Bd7 16. b4 Qa6 17. b5 Qa5 18. Nd5 Bxb5 19. Rfb1 Bc6 20. Nxc6 Qxd5 21.
Nxa7+ Kb8 22. Qa4 Rd6 23. Rb5 Qc4 24. Qxc4 Nxc4 25. Bxd6 Nxd6 26. Nc6+ Kc8 27.
Na7+ Kb8 28. Nc6+ Kc8 29. Na7+ 1/2-1/2

[Event "World Cities Team GpA"]
[Site "Al-Ain UAE"]
[Date "2012.12.24"]
[Round "3.4"]
[White "Abu Sufian, Shakil"]
[Black "Smith, Axel"]
[Result "0-1"]
[WhiteTitle "IM"]
[BlackTitle "IM"]
[WhiteElo "2364"]
[BlackElo "2484"]
[WhiteTeam "Dhaka"]
[BlackTeam "Lund-Linkoping"]
[WhiteFideId "10200916"]
[BlackFideId "1707930"]
[EventDate "2012.12.22"]

1. e4 c5 2. Nf3 g6 3. d4 cxd4 4. Nxd4 Nc6 5. Nc3 Bg7 6. Be3 Nf6 7. Nb3 O-O 8.
Be2 d6 9. O-O a6 10. f4 b5 11. Bf3 Bb7 12. Qd2 Nd7 13. Qf2 Na5 14. Nxa5 Qxa5 15.
e5 Bxf3 16. Qxf3 dxe5 17. f5 Nf6 18. g4 b4 19. Ne4 Nxe4 20. Qxe4 Rac8 21. Rf2
Qb5 22. b3 a5 23. a3 Qc6 24. Qxc6 Rxc6 25. axb4 axb4 26. Ra7 gxf5 27. gxf5 Bf6
28. Rb7 Rfc8 29. Rxb4 Rxc2 30. Rg4+ Kf8 31. Rxc2 Rxc2 32. b4 h5 33. Re4 Ke8 34.
b5 Rb2 35. b6 Kd7 36. Rc4 Kd6 37. Bf2 Kd5 38. Rc7 e4 39. Rd7+ Kc6 40. Rc7+ Kd5
41. Rd7+ Kc6 42. Rc7+ Kd6 43. Rc4 Be5 44. h3 Bh2+ 45. Kxh2 e3 46. b7 exf2 47.
Kg2 Rxb7 48. Kxf2 Rb5 49. Rf4 Ke5 0-1

[Event "World Cities Team GpA"]
[Site "Al-Ain UAE"]
[Date "2012.12.24"]
[Round "3.5"]
[White "Short, Nigel D"]
[Black "Salem, A.R. Saleh"]
[Result "1-0"]
[WhiteTitle "GM"]
[BlackTitle "GM"]
[WhiteElo "2692"]
[BlackElo "2536"]
[WhiteTeam "London"]
[BlackTeam "Al Ain"]
[WhiteFideId "400025"]
[BlackFideId "9301348"]
[EventDate "2012.12.22"]

1. c4 Nf6 2. Nc3 d5 3. cxd5 Nxd5 4. g3 Nb6 5. Bg2 g6 6. d3 Bg7 7. Be3 Nc6 8.
Bxc6+ bxc6 9. Qd2 h5 10. Nf3 Bh3 11. Ng5 Bg2 12. Rg1 Bd5 13. f3 O-O 14. g4 hxg4
15. Rxg4 f5 16. Rg2 Qd6 17. Rc1 Rad8 18. Kf1 Bf7 19. Qe1 Be8 20. Qh4 Rf6 21. b4
Qe5 22. Bc5 Rfd6 23. f4 Qf6 24. Qh7+ Kf8 25. Qh3 Kg8 26. e4 Nd7 27. e5 Nxe5 28.
fxe5 Qxe5 29. Bxd6 Rxd6 30. Ne2 1-0

[Event "World Cities Team GpA"]
[Site "Al-Ain UAE"]
[Date "2012.12.24"]
[Round "3.7"]
[White "Williams, Simon K"]
[Black "Faisal, Abdulla"]
[Result "1-0"]
[WhiteTitle "GM"]
[BlackTitle "CM"]
[WhiteElo "2515"]
[BlackElo "2255"]
[WhiteTeam "London"]
[BlackTeam "Al Ain"]
[WhiteFideId "404454"]
[BlackFideId "9301232"]
[EventDate "2012.12.22"]

1. c4 Nf6 2. Nc3 e6 3. e4 d5 4. e5 d4 5. exf6 dxc3 6. bxc3 Qxf6 7. d4 e5 8. Nf3
Nc6 9. Bg5 Qg6 10. d5 Nb8 11. Bd3 Bf5 12. Qa4+ Nd7 13. O-O Bd6 14. Nh4 Qxg5 15.
Nxf5 Kd8 16. Rab1 Nc5 17. Nxd6 cxd6 18. Qa5+ Kc8 19. Rb5 Qe7 20. Bf5+ Kb8 21.
Rfb1 g6 22. Rxc5 dxc5 23. d6 Qd8 24. Qa6 b6 25. Be4 Qd7 26. Rxb6+ 1-0